ბათუმის შოთა რუსთაველის სახელმწიფო უნივერსიტეტის ბიბლიოთეკა

Экономика=Economics (ბიბ.ჩანაწერი № 37188)

000 -LEADER
fixed length control field 00688nam a2200229Ia 4500
001 - CONTROL NUMBER
control field 3144
003 - CONTROL NUMBER IDENTIFIER
control field GE_BSU
008 - FIXED-LENGTH DATA ELEMENTS--GENERAL INFORMATION
fixed length control field 181216s||||||||xx |||||||||||||| ||und||
020 ## - INTERNATIONAL STANDARD BOOK NUMBER
International Standard Book Number 0070177813
040 ## - CATALOGING SOURCE
Transcribing agency GE_BSU
080 ## - UNIVERSAL DECIMAL CLASSIFICATION NUMBER
Universal Decimal Classification number 330.1(075.8)
100 ## - MAIN ENTRY--PERSONAL NAME
Personal name Фишер, Стенали; Рудигер Дорнбуш, Ричард Шмалензи;
245 ## - TITLE STATEMENT
Title Экономика=Economics
245 ## - TITLE STATEMENT
Statement of responsibility, etc. Пер. с Анг. Общая ред. и предисловие: Г.Г. Сапова.
260 ## - PUBLICATION, DISTRIBUTION, ETC.
Place of publication, distribution, etc. Москва
260 ## - PUBLICATION, DISTRIBUTION, ETC.
Name of publisher, distributor, etc. Дело
260 ## - PUBLICATION, DISTRIBUTION, ETC.
Date of publication, distribution, etc. 1998
300 ## - PHYSICAL DESCRIPTION
Extent 864 ст. 26 см.
653 ## - INDEX TERM--UNCONTROLLED
Uncontrolled term Экономика=Economics
942 ## - ADDED ENTRY ELEMENTS (KOHA)
Koha item type წიგნი
ეგზემპლარები
Withdrawn status Lost status Damaged status Not for loan Date acquired Barcode Date last seen Price effective from Koha item type Public note
        2018-12-17 7814 2018-12-17 2018-12-17 წიგნი დარბაზი